000 01165nam a2200337 i 4500
001 74817
003 BD-RjUL
005 20211209082616.0
008 181208s1975 enka bp 001 0 eng
020 _a052120657X.
_a0521205573
035 _a(BD-RjUL)75035
040 _aDLC
_cDLC
_dDLC
_dBD-RjUL
_beng
041 _aeng
082 0 0 _223
_a571.6
_bTRE 1975
100 1 _aTribe, Michael A.
_9225725
245 1 0 _aElectron microscopy and cell structure /
_cMichael A. Tribe, Michael R. Eraut & Roger K. Snook.
260 _aCambridge [Eng.] ;
_aNew York :
_bCambridge University Press,
_c1975.
300 _aviii, 117 p. :
_bill. ;
_c30 cm.
490 1 _aBasic biology course ; book 2 : Unit 1, Microscopy and its application to biology
500 _aIncludes index.
504 _aBibliography: p. 116.
650 0 _aCytology
_xProgrammed instruction.
_9225726
650 0 _aElectron microscopy
_xProgrammed instruction.
_9225727
700 1 _aEraut, Michael,
_935939
700 1 _aSnook, Roger K.,
_935940
830 0 _aBasic biology course ;
_vbook 2.
_9225729
942 _2ddc
_cBK
999 _c74817
_d74817